| 000 | 00620nam a22002177a 4500 | ||
|---|---|---|---|
| 003 | SISC | ||
| 005 | 20160212092854.0 | ||
| 008 | 130902t xxu||||| |||| 00| 0 eng d | ||
| 020 | _a0395567688 | ||
| 050 |
_aRA 776 _b.G394 1991 |
||
| 082 |
_aHS 372.3 _bG33 1991 |
||
| 100 |
_aGetchell, Bud _916235 |
||
| 245 |
_aHealth : _cBud Getchell _bhoughton mifflin |
||
| 260 |
_aMass : _bHoughton Mifflin, _cc1991. |
||
| 300 |
_a576 p. : _bcol. ill. ; _c24 cm. |
||
| 500 | _aIncludes index. | ||
| 650 |
_aHealth education. _9556 |
||
| 650 |
_aHealth (textbooks) _xSecondary. _916236 |
||
| 942 |
_2lcc _cBK |
||
| 999 |
_c10207 _d10207 |
||